Países con Una Palabra y Dos "O" - Estadísticas

Estadísticas generales
  • Esta prueba ha sido intentada 8.511 veces
  • La puntuación promedio es 6 de 9
Estadísticas de respuestas
Continente País % Correcto
América del Sur Colombia
92%
Europa Kosovo
77%
Europa Polonia
76%
Europa Mónaco
68%
Europa Montenegro
67%
África Togo
66%
Asia Mongolia
63%
África Lesoto
57%
África Comoras
47%
No se encontraron pruebas coincidentes
Distribución de puntuación
Porcentaje de gente con cada puntuación
Porcentaje por número respondido
Historial de tus puntuaciones
No has intentado esta prueba.